Zhrnutie základných zmien obsiahnutých v zákone č. 461/2003 Z.z. o sociálnom poistení

Najdôležitejšie zmeny nového zákona č. 461/2003 Z.z. o sociálnom poistení. Zákon nadobudol účinnosť od 1. januára 2004.

Gespeichert in:
Bibliographische Detailangaben
1. Verfasser: Macková, Zuzana
Format: Buchkapitel
Sprache:Slowakisch
Schlagworte:
Tags: Tag hinzufügen
Keine Tags, Fügen Sie das erste Tag hinzu!

MARC

LEADER 00000naa$a2200000$$$4500
001 0005164
005 20231106065750.5
041 0 |a slo 
044 |a SK 
245 1 0 |a Zhrnutie základných zmien obsiahnutých v zákone č. 461/2003 Z.z. o sociálnom poistení  |c aut. Zuzana Macková 
520 |a Najdôležitejšie zmeny nového zákona č. 461/2003 Z.z. o sociálnom poistení. Zákon nadobudol účinnosť od 1. januára 2004. 
610 2 0 |a zákony 
610 2 0 |a poistenie sociálne 
610 2 0 |a 2003 
100 1 |a Macková, Zuzana